What is modern design? / (Record no. 20990)

MARC details
000 -CABECERA
campo de control de longitud fija 00710nam a2200229 4500
003 - IDENTIFICADOR DEL NÚMERO DE CONTROL
campo de control OSt
005 - FECHA Y HORA DE LA ÚLTIMA TRANSACCIÓN
campo de control 20260601193401.0
008 - DATOS DE LONGITUD FIJA--INFORMACIÓN GENERAL
campo de control de longitud fija 260421b1950 xxua|||| |||| 00| 0 eng d
040 ## - FUENTE DE LA CATALOGACIÓN
Centro catalogador/agencia de origen ICI
Lengua de catalogación spa
Centro/agencia transcriptor ICI
050 ## - SIGNATURA TOPOGRÁFICA DE LA BIBLIOTECA DEL CONGRESO
Número de clasificación NK1510
Número de documento/Ítem K34
100 #1 - ENTRADA PRINCIPAL--NOMBRE DE PERSONA
Nombre de persona Kaufmann, Edgar,
Fechas asociadas al nombre 1910-1989,
9 (RLIN) 34982
245 #1 - MENCIÓN DE TÍTULO
Título What is modern design? /
Mención de responsabilidad, etc. by Edgar Kaufmann
264 ## - PRODUCCIÓN, PUBLICACIÓN, DISTRIBUCIÓN, FABRICACIÓN Y COPYRIGHT
Nombre del de productor, editor, distribuidor, fabricante Museum of Modern Art,
Fecha de producción, publicación, distribución, fabricación o copyright [1950]
Producción, publicación, distribución, fabricación y copyright New York :
300 ## - DESCRIPCIÓN FÍSICA
Extensión 30 páginas
Otras características físicas ilustraciones
Dimensiones 25cm.
336 ## - TIPO DE CONTENIDO
Término de tipo de contenido texto
Fuente rdacontent
337 ## - TIPO DE MEDIO
Nombre/término del tipo de medio sin medio
Fuente rdamedia
338 ## - TIPO DE SOPORTE
Nombre/término del tipo de soporte volumen
Fuente rdacarrier
490 #0 - MENCIÓN DE SERIE
Mención de serie Introductory series to the modern arts,
Designación de volumen o secuencia 3
500 ## - NOTA GENERAL
Nota general Libro Histórico muy especial
650 #0 - PUNTO DE ACCESO ADICIONAL DE MATERIA--TÉRMINO DE MATERIA
Término de materia o nombre geográfico como elemento de entrada Diseño industrial
9 (RLIN) 34983
942 ## - ELEMENTOS DE PUNTO DE ACCESO ADICIONAL (KOHA)
Fuente del sistema de clasificación o colocación Library of Congress Classification
Tipo de ítem Koha Libros
Holdings
Estado de retiro Estado de pérdida Fuente del sistema de clasificación o colocación Estado dañado No para préstamo Localización permanente Ubicación/localización actual Fecha de adquisición Total de préstamos Signatura topográfica completa Código de barras Fecha visto por última vez Número de copia Precio válido a partir de Tipo de ítem Koha
El ejemplar forma parte de la colección y puede ser consultado según las políticas vigentes.   Library of Congress Classification     Biblioteca de Diseño Museo Franz Mayer Biblioteca de Diseño Museo Franz Mayer 21/04/2026   NK1510 K34 BDIMFM000592 21/04/2026 Ej.1 21/04/2026 Libros